Hands in harmony : traditional crafts and music in Appalachia (Record no. 201391)

MARC details
000 -LEADER
fixed length control field 00845nam a2200241Ia 4500
008 - FIXED-LENGTH DATA ELEMENTS--GENERAL INFORMATION
fixed length control field 191130s2009##################000#0#eng##
020 ## - INTERNATIONAL STANDARD BOOK NUMBER
ISBN 9780393068153
082 ## - DEWEY DECIMAL CLASSIFICATION NUMBER
Classification number 779.9781642 BAR
100 ## - MAIN ENTRY--AUTHOR NAME
Personal name Barnwell, Tim
245 ## - TITLE STATEMENT
Title Hands in harmony : traditional crafts and music in Appalachia
Statement of responsibility, etc Tim Barnwell ; foreword by Jan Davidson
250 ## - EDITION STATEMENT
Edition statement 1st ed
260 ## - PUBLICATION, DISTRIBUTION, ETC. (IMPRINT)
Place of publication New York
Name of publisher W. W. Norton & Company
Year of publication 2009
300 ## - PHYSICAL DESCRIPTION
Number of Pages 188 p. : ill. ; 27 cm. + 1 CD (digital ; 4 3/4 in.) ; hpk
650 ## - SUBJECT ADDED ENTRY--TOPICAL TERM
Topical Term Appalachian Region - Social life and customs - Pictorial works
Topical Term Barnwell, Tim, 1955-
Topical Term Country musicians - Appalachian Region - Portraits
Topical Term Photography of handicraft
991 ## -
-- 345910
Holdings
Withdrawn status Lost status Damaged status Not for loan Home library Current library Shelving location Date acquired Full call number Accession Number Price effective from Koha item type
        Anna Centenary Library Anna Centenary Library 6TH FLOOR, B WING 13.10.2020 779.9781642 BAR 345757 13.10.2020 English Books

Find us on the map